000
00332nam a2200145Ia 4500
008
150201s2010 xx 000 0 und d
082
_a
616.01
_b
M10A
100
_a
ARORA, D.R.
245
_a
MEDICAL PARASITOLOGY
250
_a
3RD
260
_b
CBS
_a
DELHI
_c
2010
300
_a
1-271
650
_a
MICROBIOLOGY
942
_2
ddc
_c
BK
_0
80
999
_c
1314
_d
1314